تكنولوجيا المعلومات وتطور العلم /

يتناول الكتاب تقديم الاتجاهات والافكار العلمية الجديدة بجانب تقديم المعارف الخاصة بمختلف المجالات الحديثة بشكل يسمح للقارئ المتعلم غير المتخصص الذى يمثل القارئ المستهدف للكراسات بالقدر الكافى من الإلمام والقدرة على المتابعه....

全面介绍

Saved in:
书目详细资料
主要作者: علي، نبيل
格式: 图书
语言:阿拉伯语
出版: القاهرة : المكتبة الأكاديمية، 2005.
版:ط. 1.
丛编:كراسات علمية.
主题:
标签: 添加标签
没有标签, 成为第一个标记此记录!

MARC

LEADER 00000nam a22000007a 4500
003 INP
005 20181118141035.0
008 080619s2005 ua a fr 00010 ara d
952 |0 0  |1 0  |4 0  |6 601_830000000000000_ن_ت  |7 0  |8 arabic_Boo  |9 2304  |a INP  |b INP  |c MAIN  |d 2018-03-19  |l 0  |o 601.83 ن ت  |p 002026  |r 2022-03-28 00:00:00  |w 2018-03-19  |y BK  |0 0 
952 |0 0  |1 0  |4 0  |6 601_830000000000000_ن_ت  |7 0  |8 arabic_Boo  |9 2305  |a INP  |b INP  |c MAIN  |d 2018-03-19  |l 0  |o 601.83 ن ت  |p 002114  |r 2022-03-28 00:00:00  |w 2018-03-19  |y BK  |0 0 
952 |0 0  |1 0  |4 0  |6 601_830000000000000_ن_ت  |7 0  |8 arabic_Boo  |9 2862  |a INP  |b INP  |c MAIN  |d 2018-03-29  |l 0  |o 601.83 ن ت  |p 002698  |r 2022-03-28 00:00:00  |w 2018-03-29  |y BK  |0 0 
999 |c 1500  |d 1500 
020 |a 9772812665 
040 |a EG-INP  |c EG-INP  |b ara 
082 0 4 |a 601.83  |2 21  |b ن ت 
100 1 |a علي، نبيل. 
245 1 0 |a تكنولوجيا المعلومات وتطور العلم /   |c نبيل علي. 
250 |a ط. 1. 
260 |a القاهرة :   |b المكتبة الأكاديمية،   |c 2005. 
300 |a 156 ص. :   |b إيض. ؛   |c 27 سم. 
490 0 |a كراسات علمية. 
520 |a يتناول الكتاب تقديم الاتجاهات والافكار العلمية الجديدة بجانب تقديم المعارف الخاصة بمختلف المجالات الحديثة بشكل يسمح للقارئ المتعلم غير المتخصص الذى يمثل القارئ المستهدف للكراسات بالقدر الكافى من الإلمام والقدرة على المتابعه. 
650 7 |a خدمات المعلومات  |x تكنولوجيا.  |2 qrmak 
650 7 |a المعلومات.  |2 qrmak 
650 7 |a التكنولوجيا.  |2 qrmak  |x خدمات المعلومات  
901 |a EGPV4 
902 |a  EGPV5 
903 |a copycat 
942 |c BK  |2 ddc